National Anthem of Morocco - النشيد الشريف (Cherifian Anthem) - Statistics

General Stats
  • This quiz has been taken 5 times
  • The average score is 11 of 48
Answer Stats
Lyrics % Correct
Allāh,
75%
Manbita
75%
al-malik.
50%
al-waṭan,
50%
fi
50%
50%
Habba
50%
ʾAnnā
25%
Bi-l-jasadi
25%
damī
25%
Dumta
25%
famī
25%
fatāk,
25%
Hawāka
25%
hunā
25%
Ḏikrā
25%
kulli
25%
kulli
25%
Labbā
25%
l-ʾaḥrār
25%
l-ʾanwār
25%
l-ʾawṭān
25%
Li-l-ʿulā
25%
Li-l-ʿulā
25%
lisān
25%
Milʾa
25%
Muntadā
25%
naḥyā
25%
nidāk
25%
nūr
25%
ʿunwān
25%
wa-fī
25%
wa-nār
25%
ṯāra
0%
Bi-r-rūḥi,
0%
Bi-šiʿār
0%
d-dunyā
0%
ǧanān
0%
hayyā
0%
ʿIšta
0%
ʾIḫwatī
0%
Mašriqa
0%
muntadāh
0%
Nušhidi
0%
saʿya
0%
s-suʾdadi
0%
wa-ḥimāh
0%
wa-ḥimāh
0%
No matching quizzes found
Score Distribution
Percent of People with Each Score
Percentile by Number Answered
Your Score History
You have not taken this quiz